000 00714nam a22002297a 4500
999 _c6900
_d6900
003 AR-CdUCM
008 190319b ||||| |||| 00| 0 spa d
040 _aMUNICIPALIDAD PROVINCIAL DEL CUSCO
_cBIBLIOTECA MUNICIPAL DEL CUSCO
082 _a635 /
_bSE45
100 _aSeymour, John
_919443
245 _aEl Horticultor Autosuficiente /
260 _aBarcelona :
_bBlume,
_c1981.
300 _a256 paginas ;
_bilustraciones,
_c28cm.
440 _aGuía práctica ilustrada para la vida en el campo
_n2
_919444
500 _aHorticultura
650 _aHorticultura
_919445
650 _aPlantas
_918535
650 _aDiversidad
_915934
650 _aFauna y Flora
_919446
942 _2ddc
_cLIBROS
945 _apjha